Città importanti per la storia europea - Statistics

Statistiche generali
  • Questo quiz è stato fatto 127 volte
    103 dall'ultimo reset
  • Il punteggio medio è 16 su 20
Statistiche sulle risposte
DESCRIZIONE CITTA' % Corretto
Culla della democrazia e città natale di Socrate e Platone Atene
100%
Nemica di questa di sopra e città natale di Cristoforo Colombo Genova
99%
Città che ha sconfitto quella di sopra nella Guerra Peloponnesiaca Sparta
98%
Capitale dell'Impero Bizantino Costantinopoli
96%
Città costruita su una laguna che ha dominato la tratta mediterranea nel Medioevo Venezia
96%
Capitale dell'Impero Asburgico e centro della musica classica Vienna
96%
La culla del Rinascimento Firenze
95%
Ex- capitale russa sul fiume Neva San Pietroburgo
89%
Qui ebbero luogo i processi ai gerarchi nazisti al termine della WW2 Norimberga
88%
Piccolo villaggio che ha vissuto tre fasi: monarchia, repubblica e impero Roma
87%
In questa città venne ucciso Francesco Ferdinando Sarajevo
87%
Cittadina belga dove Napoleone trovò la sua fine politica Waterloo
85%
Città francese che ha ospitato papi e antipapi Avignone
82%
Città dell'attentato sulla Rambla nel 2017 Barcellona
75%
Una defenestrazione in questa città ha provocato la Guerra dei Trent'anni Praga
75%
Capitale dell'ultimo emirato islamico in Spagna conquistato nel 1492 Granada
65%
La città più industrializzata al mondo nella prima metà dell'800 Manchester
63%
Città che i Nazisti fallirono a conquistare segnando un punto di svolta nella WW2 Stalingrado
51%
Città dove il vescovo Thomas Beckett venne ucciso dal re Enrico II Canterbury
43%
Un tempo la più grande città cantieristica del mondo. Vi fu costruito il Titanic. Belfast
29%
Nessun quiz corrispondente trovato
Distribuzione punteggi
Percentuale di utenti per punteggio
Percentile per numero di risposta
I tuoi punteggi nel tempo
Non hai fatto questo quiz dall'ultimo reset